Elektromos autózás piaci versenyhelyzete

Bibliográfiai részletek
Szerző: Arsziri Mihály
További közreműködők: Kopcsay Dr. László
Dokumentumtípus: Diplomadolgozat
Kulcsszavak:Autóipar
Elektromos autók
Piaci verseny
Önvezető járművek
SWOT analízis
Online Access:http://dolgozattar.uni-bge.hu/18754

MARC

LEADER 00000nta a2200000 i 4500
001 dolg18754
005 20220627132528.0
008 181203suuuu hu om 000 hun d
040 |a BGE Dolgozattár Repozitórium  |b hun 
041 |a hu 
100 1 |a Arsziri Mihály 
245 1 0 |a Elektromos autózás piaci versenyhelyzete  |c Arsziri Mihály  |h [elektronikus dokumentum] 
246 1 1 |a Elektromos autózás piaci versenyhelyzete 
695 |a Autóipar 
695 |a Elektromos autók 
695 |a Piaci verseny 
695 |a Önvezető járművek 
695 |a SWOT analízis 
700 1 |a Kopcsay Dr. László  |e ths 
856 4 0 |u http://dolgozattar.uni-bge.hu/18754/1/ELEKTROMOS%20AUT%C3%93Z%C3%81S%20PIACI%20VERSENYHELYZETE.pdf  |z Dokumentum-elérés